[Event "Landesklasse West 2024/25"]
[Site "?"]
[Date "2024.10.20"]
[Round "2.5"]
[White "Graupner, Markus"]
[Black "Feldmann, Bernd"]
[Result "1/2-1/2"]
[WhiteElo "1597"]
[BlackElo "1823"]
[PlyCount "39"]
[EventDate "2024.09.15"]
[EventType "team-tourn"]
[EventRounds "9"]
[WhiteTeam "SV Wartburgstadt Eisenach"]
[BlackTeam "Randspringer Bad Salzungen"]

{[%evp 0,39,18,35,38,-9,-3,-68,-51,-57,-60,-38,-40,-40,-13,-48,-39,-64,-60,-52,-57,-44,-45,-51,-49,-53,-44,-62,-20,-44,-64,-41,-38,-49,2,0,7,0,0,0,17,-10]} 1. e4 e6 2. d3 d5 3. c3 dxe4 4. dxe4 Qxd1+ 5. Kxd1 Nf6 6. f3 Bc5 7. b4 Be7 8. Be3 O-O 9. Nd2 Nbd7 10. Kc2 b6 11. a4 a5 12. b5 Bb7 13. Nb3 Rfc8 14. Kb2 c6 15. Nh3 cxb5 16. Bxb5 Nc5 17. Nxc5 Bxc5 18. Bxc5 Rxc5 19. Nf4 Rac8 20. Rac1 1/2-1/2

[Event "Landesklasse West 2024/25"]
[Site "?"]
[Date "2024.10.20"]
[Round "2.6"]
[White "Wiefel, Erik"]
[Black "Leithoff, Hans-Georg"]
[Result "1-0"]
[WhiteElo "1619"]
[BlackElo "1640"]
[PlyCount "59"]
[EventDate "2024.09.15"]
[EventType "team-tourn"]
[EventRounds "9"]
[WhiteTeam "Randspringer Bad Salzungen"]
[BlackTeam "SV Wartburgstadt Eisenach"]

{[%evp 0,59,35,-5,-15,-51,-51,-47,-35,-28,-19,-23,2,7,-13,-15,212,253,230,231,228,200,221,209,209,209,216,201,245,197,220,235,257,259,278,231,231,222,249,247,244,244,295,288,287,286,299,304,307,262,254,226,345,343,29989,479,29995,1850,29997,29998,29999,-30000]} 1. c4 e5 2. g3 Nf6 3. Bg2 Nc6 4. Nc3 Bc5 5. e3 a6 6. Nge2 d6 7. a3 Be6 8. d4 Bxd4 9. exd4 Bxc4 10. d5 Bxe2 11. Qxe2 Nd4 12. Qd1 Qd7 13. O-O O-O 14. h3 a5 15. Be3 Nb5 16. Rc1 Rac8 17. a4 Nxc3 18. Rxc3 c5 19. dxc6 bxc6 20. Bg5 Ne8 21. Qc2 c5 22. Rd1 h6 23. Be3 Qe7 24. Qd2 Rb8 25. Rc4 Qc7 26. Bxh6 gxh6 27. Qxh6 f6 28. Rg4+ Ng7 29. Bd5+ Rf7 30. Qxg7# 1-0

[Event "Landesklasse West 2024/25"]
[Site "?"]
[Date "2024.10.20"]
[Round "2.7"]
[White "Pinnau, Hannes"]
[Black "Mäurer, Michael"]
[Result "1-0"]
[WhiteElo "1630"]
[BlackElo "1573"]
[PlyCount "73"]
[EventDate "2024.09.15"]
[EventType "team-tourn"]
[EventRounds "9"]
[WhiteTeam "SV Wartburgstadt Eisenach"]
[BlackTeam "Randspringer Bad Salzungen"]

{[%evp 0,73,35,-15,-15,-47,10,17,49,30,34,36,36,34,36,-23,31,29,46,27,53,37,47,13,27,-38,7,-32,-52,-83,-72,-100,-100,-74,-74,-85,-55,-40,0,9,16,19,27,25,24,27,58,66,74,85,81,56,70,70,91,90,120,103,135,130,204,207,268,240,225,195,223,202,242,220,261,285,356,376,367,385]} 1. c4 e5 2. g3 d6 3. Nc3 g6 4. Nf3 Bg7 5. d4 exd4 6. Nxd4 Ne7 7. h4 h5 8. Bg5 O-O 9. Qd2 Qe8 10. Bg2 Nbc6 11. Ndb5 Qd7 12. Bh3 Qd8 13. Nd5 Bxh3 14. Rxh3 Qd7 15. Rh1 Nxd5 16. cxd5 Ne5 17. Nc3 b5 18. Rc1 f5 19. Kf1 b4 20. Nd1 a5 21. Ne3 Rfc8 22. Kg2 c5 23. dxc6 Rxc6 24. b3 Rac8 25. Qd5+ Kh7 26. Rxc6 Qxc6 27. Rd1 Bf8 28. Bf4 Qxd5+ 29. Rxd5 Nf7 30. Rxa5 Rc5 31. Ra7 Kg7 32. Nc4 Kf6 33. Ra6 Ke6 34. Rb6 Kd5 35. Rxb4 Ne5 36. Bxe5 dxe5 37. Rb6 1-0

[Event "Landesklasse West 2024/25"]
[Site "?"]
[Date "2024.10.20"]
[Round "2.1"]
[White "Tuhacek, Christian"]
[Black "Gandera, Moritz"]
[Result "1/2-1/2"]
[WhiteElo "1878"]
[BlackElo "1805"]
[PlyCount "105"]
[EventDate "2024.09.15"]
[EventType "team-tourn"]
[EventRounds "9"]
[WhiteTeam "VfB 1919 Vacha"]
[BlackTeam "SC Rochade Steinbach-Hallenberg"]

{[%evp 0,105,35,11,24,20,23,14,69,38,71,56,54,41,35,35,20,-2,-1,0,-23,-17,-18,-37,-15,-38,4,-14,-14,-27,-24,-14,-14,-47,-8,-57,-54,-55,-51,-48,30,23,7,14,24,33,43,48,50,64,88,99,100,110,110,110,104,112,114,115,113,132,124,154,126,95,110,108,116,94,133,99,126,138,133,122,114,89,83,92,133,82,162,168,168,93,109,105,163,127,129,156,135,135,135,43,50,61,50,39,33,8,123,8,0,0,95,0]} 1. Nc3 d5 2. d4 Nf6 3. Bf4 c5 4. e3 cxd4 5. exd4 a6 6. Nf3 Nc6 7. Ne5 e6 8. g3 Bd6 9. Nxc6 bxc6 10. Bxd6 Qxd6 11. Na4 a5 12. c3 Nd7 13. f4 c5 14. Bb5 cxd4 15. Qxd4 O-O 16. O-O-O Qc7 17. Rhe1 Rb8 18. Bxd7 Bxd7 19. Nc5 Rbc8 20. Nxd7 Qxd7 21. f5 Rfe8 22. f6 gxf6 23. Qxf6 Qd8 24. Qf4 Rc4 25. Qxc4 dxc4 26. Rxd8 Rxd8 27. Re4 Rc8 28. Re5 a4 29. Ra5 Kg7 30. Rxa4 f5 31. Ra7+ Kg6 32. Re7 Rc6 33. Kc2 h5 34. Re8 Ra6 35. Rc8 Ra4 36. a3 Kg5 37. h3 e5 38. Rc5 e4 39. Kd2 Ra6 40. Rxc4 Rd6+ 41. Rd4 Rb6 42. Kc2 h4 43. gxh4+ Kf4 44. Rd1 Ke3 45. b4 Kf2 46. Rd2+ Ke3 47. Kd1 Ra6 48. Ra2 Rg6 49. Re2+ Kd3 50. Rd2+ Ke3 51. Re2+ Kd3 52. Rd2+ Ke3 53. Re2+ 1/2-1/2

[Event "Landesklasse West 2024/25"]
[Site "?"]
[Date "15.10.20"]
[Round "2.2"]
[White "Wilhelm, Bernd"]
[Black "Meyer, Thomas"]
[Result "0-1"]
[WhiteElo "1893"]
[BlackElo "1930"]
[PlyCount "44"]
[EventDate "2024.09.15"]
[EventType "team-tourn"]
[EventRounds "9"]
[WhiteTeam "SC Rochade Steinbach-Hallenberg"]
[BlackTeam "VfB 1919 Vacha"]

{[%evp 0,44,13,35,46,23,28,11,11,0,2,8,-2,-27,23,38,31,25,15,-8,31,-23,-14,-33,-49,-86,-96,-66,-67,-62,-62,-184,-206,-210,-206,-298,-311,-311,-324,-309,-279,-329,-330,-421,-421,-488,-506]} 1. e4 e6 2. d4 d5 3. e5 c5 4. c3 Nc6 5. Nf3 Qb6 6. a3 c4 7. Nbd2 Na5 8. Rb1 Bd7 9. h4 f6 10. b4 cxb3 11. Nxb3 Ba4 12. Nxa5 Bxd1 13. Rxb6 axb6 14. Bb5+ Kf7 15. Nxb7 Bxf3 16. gxf3 Bxa3 17. Nd8+ Rxd8 18. Bxa3 Ra8 19. Bc1 Ne7 20. h5 Rhc8 21. O-O Rxc3 22. Kg2 Nf5 0-1

[Event "Landesklasse West 2024/25"]
[Site "?"]
[Date "2024.10.20"]
[Round "2.3"]
[White "Korn, Kevin"]
[Black "Recknagel, Armin"]
[Result "1/2-1/2"]
[WhiteElo "1570"]
[BlackElo "1561"]
[PlyCount "35"]
[EventDate "2024.09.15"]
[EventType "team-tourn"]
[EventRounds "9"]
[WhiteTeam "VfB 1919 Vacha"]
[BlackTeam "SC Rochade Steinbach-Hallenberg"]

{[%evp 0,35,18,16,52,38,37,35,25,15,86,64,63,66,55,58,31,6,11,-1,-3,-69,-43,-56,-54,-39,-43,-84,-70,-63,-67,-69,-57,-74,-86,-85,-15,-20]} 1. e4 c5 2. Nf3 Nc6 3. d4 cxd4 4. Nxd4 g6 5. Nc3 Bg7 6. Be3 Nf6 7. Be2 O-O 8. Qd2 d5 9. Nxc6 bxc6 10. e5 Ng4 11. Bxg4 Bxg4 12. h3 Be6 13. Bh6 d4 14. Ne2 Bxh6 15. Qxh6 Qa5+ 16. Qd2 Qxe5 17. Qxd4 Qxd4 18. Nxd4 1/2-1/2

[Event "Landesklasse West 2024/25"]
[Site "?"]
[Date "2024.10.20"]
[Round "2.4"]
[White "Holland-Cunz, Dietrich"]
[Black "Laut, Martin"]
[Result "1-0"]
[WhiteElo "1756"]
[BlackElo "1539"]
[PlyCount "101"]
[EventDate "2024.09.15"]
[EventType "team-tourn"]
[EventRounds "9"]
[WhiteTeam "SC Rochade Steinbach-Hallenberg"]
[BlackTeam "VfB 1919 Vacha"]

{[%evp 0,101,18,23,28,24,29,3,2,-10,8,0,26,-16,0,1,44,-9,-12,-12,10,-15,-21,-3,0,-21,-30,-70,41,40,31,21,10,6,3,3,3,8,8,3,5,8,11,-72,-62,-98,-102,-119,-65,-80,-75,-80,-62,-62,-41,-39,-67,-83,-66,-59,-32,-41,-21,-15,-12,0,36,37,13,18,0,0,140,167,176,20,63,94,45,39,130,137,216,137,191,156,201,240,230,252,675,717,799,775,795,795,849,849,872,880,889,796,889,987]} 1. d4 d5 2. Nf3 Nf6 3. g3 Bf5 4. Bg2 Nbd7 5. O-O e6 6. c4 c6 7. Nc3 a6 8. Bg5 h6 9. Bxf6 Nxf6 10. Qb3 Rb8 11. Ne5 Bd6 12. Rfd1 O-O 13. a4 Bxe5 14. dxe5 Nd7 15. e4 dxe4 16. Nxe4 Bxe4 17. Bxe4 Qc7 18. f4 Nc5 19. Qe3 Nxe4 20. Qxe4 Qb6+ 21. Kh1 Qxb2 22. c5 Rfd8 23. Rab1 Rxd1+ 24. Rxd1 Qc3 25. Qd4 Qf3+ 26. Kg1 Qd5 27. Qxd5 cxd5 28. a5 Rc8 29. Rc1 g6 30. Kf2 Kg7 31. Ke3 f6 32. Kd4 f5 33. Rb1 Rc7 34. Rb6 Kf7 35. h4 Re7 36. c6 bxc6 37. Rxc6 Ra7 38. Kc5 Ke7 39. Kb6 Ra8 40. Rc7+ Kd8 41. Rc6 Kd7 42. Rd6+ Ke7 43. Kb7 Rd8 44. Kxa6 Rxd6+ 45. exd6+ Kxd6 46. Kb7 d4 47. a6 d3 48. a7 Kd5 49. a8=Q Kd4 50. Qa4+ Ke3 51. Qd1 1-0

[Event "Landesklasse West 2024/25"]
[Site "?"]
[Date "15.10.20"]
[Round "2.5"]
[White "Schubert, Ralf"]
[Black "Hoffmann, Hartmut"]
[Result "0-1"]
[WhiteElo "1400"]
[BlackElo "1964"]
[PlyCount "40"]
[EventDate "2024.09.15"]
[EventType "team-tourn"]
[EventRounds "9"]
[WhiteTeam "VfB 1919 Vacha"]
[BlackTeam "SC Rochade Steinbach-Hallenberg"]

{[%evp 0,40,18,24,17,17,17,8,17,7,11,11,0,-35,-22,-44,-24,-45,-45,-36,-41,-47,-21,-10,-4,-26,-31,-26,-43,-47,-62,-62,-50,-97,-92,-119,-175,-162,-147,-144,-149,-369,-300]} 1. e4 e5 2. Nf3 Nc6 3. Nc3 Nf6 4. Bc4 Nxe4 5. Nxe4 d5 6. Bxd5 Qxd5 7. Nc3 Qd8 8. h3 Be7 9. d3 O-O 10. O-O f5 11. Re1 Bf6 12. Bd2 b6 13. Qc1 h6 14. a3 Bb7 15. Qd1 Qd7 16. Rb1 Rad8 17. Be3 Qf7 18. Qe2 Nd4 19. Bxd4 exd4 20. Nd1 Rfe8 0-1

[Event "Landesklasse West 2024/25"]
[Site "?"]
[Date "2024.10.20"]
[Round "2.6"]
[White "Döll, Frank"]
[Black "Bock, Hans-Juergen"]
[Result "1-0"]
[WhiteElo "1808"]
[BlackElo "1372"]
[PlyCount "83"]
[EventDate "2024.09.15"]
[EventType "team-tourn"]
[EventRounds "9"]
[WhiteTeam "SC Rochade Steinbach-Hallenberg"]
[BlackTeam "VfB 1919 Vacha"]

{[%evp 0,83,17,30,23,-16,26,-10,46,73,75,78,78,63,68,64,64,43,40,22,53,31,89,108,126,96,128,69,66,72,92,73,118,34,103,106,104,103,115,96,95,91,149,62,131,104,114,119,131,123,144,139,147,140,157,153,168,158,158,158,174,169,257,126,449,322,462,469,534,534,524,501,401,349,577,884,1140,661,1219,1625,2082,1702,29995,29996,29997,29998]} 1. d4 d5 2. c4 dxc4 3. Nc3 e6 4. e4 Be7 5. Bxc4 Nf6 6. Nge2 O-O 7. O-O a6 8. e5 Nd5 9. Nxd5 exd5 10. Bd3 f5 11. Be3 Bg5 12. f4 Bh6 13. Ng3 g6 14. Qb3 b6 15. Rac1 Kh8 16. Rc3 Be6 17. Rfc1 Ra7 18. Ne2 Rf7 19. Qc2 Bf8 20. a3 Rd7 21. Ng3 Be7 22. Qe2 Qf8 23. Nf1 Qd8 24. Nd2 Qf8 25. Nf3 h6 26. Qf2 Qd8 27. Qg3 Kh7 28. Qh3 Kg7 29. Bf2 Kh7 30. Nh4 Kg7 31. Nxg6 Kxg6 32. Qg4+ Kh7 33. Bxf5+ Bxf5 34. Qxf5+ Kh8 35. Rh3 Bf8 36. Bh4 Qe8 37. Bf6+ Kg8 38. Rcc3 c5 39. Rcg3+ Rg7 40. Rxh6 Rxg3 41. Rh8+ Kf7 42. Bg5+ 1-0

[Event "Landesklasse West 2024/25"]
[Site "?"]
[Date "15.10.20"]
[Round "2.7"]
[White "Stepper, Matthias"]
[Black "Häfner, Jaime"]
[Result "1/2-1/2"]
[WhiteElo "1575"]
[BlackElo "1581"]
[PlyCount "46"]
[EventDate "2024.09.15"]
[EventType "team-tourn"]
[EventRounds "9"]
[WhiteTeam "VfB 1919 Vacha"]
[BlackTeam "SC Rochade Steinbach-Hallenberg"]

{[%evp 0,46,18,30,34,-11,25,17,29,8,36,50,39,21,21,36,32,16,13,13,6,6,35,20,14,18,10,4,2,9,9,5,10,-8,-6,-27,-10,-7,-4,-3,-11,-45,-36,-30,-30,-30,-25,-30,6]} 1. d4 d5 2. c4 c6 3. Nc3 Nf6 4. Nf3 Bf5 5. Qb3 Qb6 6. Qxb6 axb6 7. cxd5 Nxd5 8. Nxd5 cxd5 9. e3 Nc6 10. Bb5 Bd7 11. Bd2 e6 12. O-O Bd6 13. Bc3 O-O 14. a3 Rfc8 15. Rfc1 Nb8 16. Bxd7 Nxd7 17. Ne5 Nxe5 18. dxe5 Be7 19. Bd4 b5 20. Rc3 Rxc3 21. Bxc3 b4 22. Bd4 bxa3 23. bxa3 Rxa3 1/2-1/2

[Event "Landesklasse West 2024/25"]
[Site "?"]
[Date "15.10.20"]
[Round "2.8"]
[White "Hoffmann, Karsten"]
[Black "Müller, Danilo"]
[Result "1-0"]
[WhiteElo "1645"]
[BlackElo "1501"]
[PlyCount "95"]
[EventDate "2024.09.15"]
[EventType "team-tourn"]
[EventRounds "9"]
[WhiteTeam "SC Rochade Steinbach-Hallenberg"]
[BlackTeam "VfB 1919 Vacha"]

{[%evp 0,95,18,30,27,-11,0,-7,37,42,101,96,105,73,71,73,169,178,275,12,25,47,52,55,55,55,116,110,107,133,133,136,127,131,190,150,174,135,141,116,106,98,101,114,149,96,198,83,93,71,119,111,112,135,151,179,175,175,175,165,165,99,145,154,178,183,184,184,179,176,176,161,178,154,192,193,193,187,193,200,198,191,207,198,203,191,191,174,183,191,210,186,202,251,335,346,29999,-30000]} 1. d4 d5 2. c4 e6 3. Nc3 c6 4. Nf3 f5 5. Bf4 Bd6 6. Ne5 Nf6 7. e3 Nbd7 8. Nxc6 Qc7 9. Bxd6 Qxd6 10. Na5 Qb4 11. Nb3 dxc4 12. Nd2 O-O 13. Bxc4 Nb6 14. Qb3 Qe7 15. Bd3 Kh8 16. Nf3 Nbd7 17. O-O g6 18. Rac1 e5 19. Nxe5 Nxe5 20. dxe5 Qxe5 21. Rfd1 Be6 22. Bc4 Bd7 23. Bf1 Bc6 24. g3 Ng4 25. Nd5 Rad8 26. Bg2 Nf6 27. Nxf6 Rxd1+ 28. Rxd1 Qxf6 29. Bxc6 Qxc6 30. Qd5 Qc7 31. Qd7 Rf7 32. Qd4+ Kg8 33. Qxa7 Rd7 34. Rxd7 Qxd7 35. Qd4 Qc6 36. h4 h5 37. a3 Qc1+ 38. Kh2 Qf1 39. Qf4 Qb5 40. Qd4 Qf1 41. Qd2 Qb5 42. Kg1 Qc6 43. b3 Kh7 44. a4 Qe4 45. Qd7+ Kh6 46. Qd4 Qb1+ 47. Kh2 Qxb3 48. Qh8# 1-0

[Event "Landesklasse West 2024/25"]
[Site "?"]
[Date "2024.10.20"]
[Round "2.1"]
[White "Königsmann, Marcus"]
[Black "Lehmann, Peter"]
[Result "1/2-1/2"]
[WhiteElo "1921"]
[BlackElo "1893"]
[PlyCount "20"]
[EventDate "2024.09.15"]
[EventType "team-tourn"]
[EventRounds "9"]
[WhiteTeam "SC 1951 Nordhausen"]
[BlackTeam "ESV Lok Meiningen"]

{[%evp 0,20,29,23,44,25,53,37,21,-7,-29,-8,5,9,24,18,18,8,19,-5,24,31,50]} 1. e4 e6 2. d4 d5 3. e5 c5 4. c3 Nc6 5. Nf3 Qb6 6. a3 cxd4 7. cxd4 Nge7 8. b4 Nf5 9. Be3 Be7 10. Bd3 f6 1/2-1/2

[Event "Landesklasse West 2024/25"]
[Site "?"]
[Date "2024.10.20"]
[Round "2.2"]
[White "Lehmann, Georg"]
[Black "Kuntze, Andreas"]
[Result "0-1"]
[WhiteElo "1631"]
[BlackElo "2022"]
[PlyCount "42"]
[EventDate "2024.09.15"]
[EventType "team-tourn"]
[EventRounds "9"]
[WhiteTeam "ESV Lok Meiningen"]
[BlackTeam "SC 1951 Nordhausen"]

{[%evp 0,42,29,10,85,73,78,74,66,61,58,38,51,43,22,38,50,26,41,24,44,19,17,-80,4,-80,24,7,7,-92,174,99,119,34,196,116,236,96,130,-405,-405,-494,-494,-494,-497]} 1. e4 d6 2. d4 Nf6 3. Nc3 c6 4. Bd3 e5 5. Nge2 Nbd7 6. f3 Be7 7. Be3 Qc7 8. Qd2 b5 9. g4 Nb6 10. h3 h6 11. g5 Nfd7 12. f4 Bb7 13. fxe5 dxe5 14. h4 c5 15. dxc5 Bxc5 16. Rf1 Rf8 17. Ng3 g6 18. Be2 O-O-O 19. Bg4 Nc4 20. Nd5 Nxd2 21. Nxc7 Bxe3 0-1

[Event "Landesklasse West 2024/25"]
[Site "?"]
[Date "2024.10.20"]
[Round "2.3"]
[White "Wabersich, Titus"]
[Black "Rasch, Wolfgang"]
[Result "1/2-1/2"]
[WhiteElo "1599"]
[BlackElo "1572"]
[PlyCount "44"]
[EventDate "2024.09.15"]
[EventType "team-tourn"]
[EventRounds "9"]
[WhiteTeam "SC 1951 Nordhausen"]
[BlackTeam "ESV Lok Meiningen"]

{[%evp 0,44,29,29,29,20,13,15,65,70,75,75,96,94,86,80,80,81,85,68,67,71,86,64,63,73,69,67,131,124,124,100,123,94,135,99,161,32,34,28,23,22,2,-8,11,0,-16]} 1. d4 Nf6 2. Nc3 d5 3. Bf4 c6 4. e3 Bg4 5. f3 Bf5 6. g4 Bg6 7. h4 h6 8. Bd3 Bxd3 9. Qxd3 e6 10. Nge2 Bd6 11. O-O-O Na6 12. a3 Bxf4 13. Nxf4 Qc7 14. g5 Nd7 15. g6 Nb6 16. b3 O-O-O 17. Rdg1 Qe7 18. Kb2 f6 19. h5 Kb8 20. Re1 e5 21. Ng2 Rhe8 22. f4 e4 1/2-1/2

[Event "Landesklasse West 2024/25"]
[Site "?"]
[Date "2024.10.20"]
[Round "2.4"]
[White "Oleak, Wolfgang"]
[Black "Rohde, Ragnar"]
[Result "0-1"]
[WhiteElo "1447"]
[BlackElo "1596"]
[PlyCount "107"]
[EventDate "2024.09.15"]
[EventType "team-tourn"]
[EventRounds "9"]
[WhiteTeam "ESV Lok Meiningen"]
[BlackTeam "SC 1951 Nordhausen"]

{[%evp 0,107,29,15,23,29,27,-18,-6,-12,9,-18,25,-21,-33,-54,-27,-26,-22,-41,-28,-93,-27,-27,-52,-47,-47,-76,-53,-69,-58,-58,-25,-43,-1,-26,-24,-27,-18,-33,-28,-28,-37,-31,-26,-33,-34,-25,-29,-49,-45,-54,-45,-45,-51,-51,-52,-57,-45,-77,-79,-105,-48,-48,-34,-48,-25,-28,-30,-24,9,-49,-50,-60,-50,-50,-53,-43,0,-89,-96,-96,-105,-142,-120,-145,-188,-445,-512,-531,-531,-606,-630,-760,-994,-1102,-1406,-1398,-1616,-1621,-1934,-2076,-2524,-2672,-2220,-2672,-28019,-2170,-29959,-29977]} 1. Nf3 d5 2. d4 Nf6 3. g3 Bf5 4. Bg2 e6 5. O-O c5 6. b3 Nc6 7. a3 Be7 8. Bb2 O-O 9. e3 Ne4 10. c4 Bf6 11. Nc3 dxc4 12. Nxe4 Bxe4 13. bxc4 cxd4 14. Nxd4 Bxg2 15. Kxg2 Qb6 16. Rb1 Rad8 17. Qb3 Nxd4 18. Qxb6 axb6 19. Bxd4 Bxd4 20. exd4 Rxd4 21. Rxb6 Rxc4 22. Rxb7 Ra4 23. Ra1 Rfa8 24. Rb3 g6 25. Kf1 R8a5 26. Ke2 Kg7 27. Kd2 e5 28. Kc2 e4 29. Kb2 Rd4 30. Rc1 Raa4 31. Rcc3 h6 32. h4 g5 33. hxg5 hxg5 34. Rc6 f6 35. Rc7+ Kg6 36. Rc8 Kf5 37. Rc6 Rd2+ {[%cal Gc6c2]} 38. Rc2 Rd3 39. Rxd3 exd3 40. Rd2 Ke4 41. Kb3 Ra8 42. a4 Kd4 43. Kb4 Rb8+ 44. Ka3 Kc3 45. Rd1 d2 46. a5 Kc2 47. Rxd2+ Kxd2 48. a6 g4 49. Ka4 Ke2 50. Ka5 Kxf2 51. a7 Ra8 52. Kb6 Kxg3 53. Kb7 Rxa7+ 54. Kxa7 0-1

[Event "Landesklasse West 2024/25"]
[Site "?"]
[Date "2024.10.20"]
[Round "2.5"]
[White "Gülsdorff, Florian"]
[Black "Semisch, Helga"]
[Result "1-0"]
[WhiteElo "1590"]
[BlackElo "1094"]
[PlyCount "71"]
[EventDate "2024.09.15"]
[EventType "team-tourn"]
[EventRounds "9"]
[WhiteTeam "SC 1951 Nordhausen"]
[BlackTeam "ESV Lok Meiningen"]

{[%evp 0,71,29,29,27,22,65,60,72,64,69,58,61,56,104,84,87,72,71,61,93,88,149,84,81,81,96,98,95,100,262,200,268,131,134,123,146,129,196,143,282,284,322,331,327,379,391,306,309,290,255,266,265,265,278,279,704,724,728,736,748,474,743,803,798,805,1209,811,29993,29994,29995,29996,29997,29998]} 1. d4 d5 2. Bf4 c6 3. e3 e6 4. Nf3 Nd7 5. Bd3 Be7 6. O-O f5 7. Nbd2 Ngf6 8. h3 O-O 9. c4 Nh5 10. Bh2 b6 11. Ne5 Nxe5 12. Bxe5 Qe8 13. cxd5 cxd5 14. Rc1 Bg5 15. Rc7 Bd7 16. Nf3 Bd8 17. Rc1 f4 18. Ba6 Bc6 19. Qc2 Bd7 20. Bb7 Be7 21. Bxa8 Qxa8 22. Qc7 Rd8 23. Bxf4 Nf6 24. Ne5 Rc8 25. Nxd7 Rxc7 26. Nxf6+ Bxf6 27. Rxc7 a6 28. Rfc1 Qf8 29. Rc8 Bd8 30. Bg5 Qf5 31. Rxd8+ Kf7 32. Bf4 g5 {[%cal Gf4e5]} 33. Be5 h5 34. Rc7+ Kg6 35. Rg7+ Kh6 36. Rh8+ 1-0

[Event "Landesklasse West 2024/25"]
[Site "?"]
[Date "2024.10.20"]
[Round "2.6"]
[White "Carrié, René"]
[Black "Onnen, Erik"]
[Result "0-1"]
[WhiteElo "1068"]
[BlackElo "1516"]
[PlyCount "49"]
[EventDate "2024.09.15"]
[EventType "team-tourn"]
[EventRounds "9"]
[WhiteTeam "ESV Lok Meiningen"]
[BlackTeam "SC 1951 Nordhausen"]

{[%evp 0,49,29,29,27,26,26,12,18,0,66,17,17,4,18,-2,3,-15,-12,-8,-16,-27,-8,-13,-21,-92,45,62,52,14,30,-43,-43,-43,-24,-35,-28,-55,-29,-138,-140,-243,-243,-266,-226,-274,-331,-326,-261,-362,-345,-819]} 1. d4 Nf6 2. Nf3 e6 3. Nc3 d5 4. Bf4 c5 5. dxc5 Bxc5 6. e3 Nc6 7. Bb5 Bd7 8. a3 O-O 9. O-O Rc8 10. Re1 Qb6 11. b4 Be7 12. Bd3 a5 13. Na4 Qa7 14. c3 b6 15. Ne5 Nxe5 16. Bxe5 Bxa4 17. Qxa4 Ng4 18. Bd4 e5 19. Bxb6 Qxb6 20. bxa5 Qe6 21. h3 Nf6 22. Rab1 Rxc3 23. Rb6 Qc8 24. Ba6 Qc5 25. Rc6 0-1

[Event "Landesklasse West 2024/25"]
[Site "?"]
[Date "2024.10.20"]
[Round "2.8"]
[White "Wild, Noah"]
[Black "Schrader, Torsten"]
[Result "0-1"]
[WhiteElo "838"]
[BlackElo "1503"]
[PlyCount "44"]
[EventDate "2024.09.15"]
[EventType "team-tourn"]
[EventRounds "9"]
[WhiteTeam "ESV Lok Meiningen"]
[BlackTeam "SC 1951 Nordhausen"]

{[%evp 0,44,27,25,30,34,42,37,56,-18,-6,-9,-4,-9,-13,-62,-11,-10,-21,-389,-35,-35,-24,-91,-140,-141,-106,-107,-107,-265,-261,-258,-254,-260,-260,-257,-257,-256,-251,-253,-250,-804,-804,-1247,-1227,-29999,-30000]} 1. e4 d5 2. e5 d4 3. Nf3 Bg4 4. Bc4 e6 5. O-O Nc6 6. Bb5 Nge7 7. d3 a6 8. Bxc6+ Nxc6 9. Bg5 Be7 10. Bxe7 Qxe7 11. c3 Nxe5 12. Nbd2 dxc3 13. Qa4+ b5 14. Qd4 Nxf3+ 15. Nxf3 Bxf3 16. gxf3 Qg5+ 17. Kh1 cxb2 18. Qxb2 Qd5 19. Qxg7 Qxf3+ 20. Kg1 O-O-O 21. Qg2 Rhg8 22. Kh1 Qxg2# 0-1

[Event "Landesklasse West 2024/25"]
[Site "?"]
[Date "2024.10.20"]
[Round "2.1"]
[White "Kachel, Alfred"]
[Black "Messerschmidt, Nick"]
[Result "1/2-1/2"]
[WhiteElo "1860"]
[BlackElo "1959"]
[PlyCount "81"]
[EventDate "2024.09.15"]
[EventType "team-tourn"]
[EventRounds "9"]
[WhiteTeam "SC Rochade Leinefelde"]
[BlackTeam "SG Barchfeld/Breitungen"]

{[%evp 0,81,27,23,23,23,29,4,26,20,40,7,12,12,56,43,66,-76,-46,-54,-27,-66,-66,-66,-4,-26,-27,-6,-4,-20,-31,-38,-51,-38,23,-16,-23,-48,-15,-48,-52,-55,-43,-42,-47,-73,-75,-81,-87,-87,-55,-63,-60,-63,-30,-95,-93,-105,-78,-65,-65,-88,-72,-72,-79,-140,-136,-156,-156,-162,-84,-79,-79,-102,-78,-78,-77,-83,-81,-78,-70,-72,-67,-79]} 1. d4 d5 2. Nf3 Nf6 3. c4 c6 4. Nc3 e6 5. g3 dxc4 6. Ne5 Bb4 7. Bg2 Nd5 8. Qc2 Nxc3 9. bxc3 Qxd4 10. Bb2 Ba5 11. Nf3 Qf6 12. O-O O-O 13. Nd2 e5 14. Nxc4 Bc7 15. Ba3 Rd8 16. Rfd1 Bf5 17. Rxd8+ Bxd8 18. Qb2 Bb6 19. Nd6 Nd7 20. e3 Rb8 21. Nxf5 Qxf5 22. Bd6 Re8 23. c4 Qe6 24. Rd1 Qxc4 25. Bh3 Nc5 26. Bf1 Na4 27. Qb1 Qg4 28. h3 Qe6 29. Qc2 Rd8 30. Bb4 Rxd1 31. Qxd1 Nc5 32. Qc2 Nd7 33. Kh2 e4 34. a4 Qf5 35. Bg2 Nf6 36. Be7 g6 37. Bxf6 Qxf6 38. Bxe4 Kg7 39. Kg2 Qe5 40. Bf3 h5 41. h4 1/2-1/2

[Event "Landesklasse West 2024/25"]
[Site "?"]
[Date "2024.10.20"]
[Round "2.2"]
[White "Trappe, Tilman"]
[Black "Meitzner, Jonathan Franz"]
[Result "0-1"]
[WhiteElo "1626"]
[BlackElo "1785"]
[PlyCount "92"]
[EventDate "2024.09.15"]
[EventType "team-tourn"]
[EventRounds "9"]
[WhiteTeam "SG Barchfeld/Breitungen"]
[BlackTeam "SC Rochade Leinefelde"]

{[%evp 0,92,27,25,46,46,44,31,48,48,47,-7,13,32,30,34,37,20,37,28,35,41,65,61,66,65,56,56,59,53,57,63,117,49,75,41,44,-4,-297,-356,-371,-421,-558,-560,-410,-397,-356,-367,-371,-381,-389,-432,-385,-383,-301,-304,-298,-349,-250,-244,-211,-219,-219,-235,-247,-281,-233,-288,-278,-295,-285,-312,-316,-338,-320,-356,-245,-248,-248,-282,-278,-283,-294,-294,-327,-321,-310,-307,-470,-680,-780,-1002,-1012,-1012,-1011]} 1. e4 c5 2. Nf3 e6 3. d4 cxd4 4. Nxd4 Nc6 5. c4 Qc7 6. Be3 a6 7. Nc3 Nf6 8. f3 Be7 9. Be2 O-O 10. Rc1 Ne5 11. O-O d6 12. b3 Bd7 13. Qd2 Rac8 14. Rfd1 Rfd8 15. g4 Nc6 16. f4 Nxd4 17. Bxd4 e5 18. g5 exd4 19. Qxd4 d5 20. Nxd5 Nxd5 21. Qxd5 Be6 22. Qe5 Bd6 23. Rxd6 Qxd6 24. Qxd6 Rxd6 25. Rc2 g6 26. Kf2 Rdc6 27. Rd2 Kf8 28. Bf3 b5 29. f5 bxc4 30. fxe6 fxe6 31. bxc4 Rxc4 32. Rd7 R8c7 33. Rd6 R4c6 34. Rd8+ Ke7 35. Rh8 Rc2+ 36. Kg3 Kd6 37. Rd8+ Rd7 38. e5+ Kc7 39. Re8 Rxa2 40. Rxe6 Ra3 41. Rc6+ Kd8 42. Rf6 Rdd3 43. Rf4 Rxf3+ 44. Rxf3 Rxf3+ 45. Kxf3 Ke7 46. Ke4 Ke6 0-1